| 000 | 00518nas a22001817a 4500 | ||
|---|---|---|---|
| 008 | 120627t20019999ag ||||| |||| 00| 0 spa d | ||
| 022 | _a1666-3209 | ||
| 245 | _aAnnals of Internal Medicine (Ed. en español) | ||
| 260 |
_aCórdoba : _bDivulgaciones Científicas SA, _c2001 |
||
| 300 | _av. : | ||
| 310 | _amensual | ||
| 546 | _aTexto en español | ||
| 590 | _aExistencias: 2001 1(1) | ||
| 590 | _aIndexada en Latindex | ||
| 650 |
_aMEDICINA INTERNA _91738 |
||
| 856 | _uhttp://www.annals.com.ar | ||
| 942 |
_2ddc _cCR |
||
| 999 |
_c1052 _d1052 |
||